Statistics for Movies By 1 Actor and 1 Actress - Will Smith Edition

Click here to take the quiz!

General Stats

  • This quiz has been taken 21 times
  • The average score is 12 of 26

Answer Stats

CastMovie% Correct
Tommy Lee Jones, Linda FiorentinoMen in Black
95%
Martin Lawrence, Lisa BoyleBad Boys
79%
Margot Robbie, Jai CourtneySuicide Squad
79%
Kevin James, Eva MendesHitch
74%
Jeff Goldblum, Vivica A. FoxIndependence Day
68%
Charlize Theron, Jason BatemanHancock
58%
Alice Braga, Charlie TahanI am Legend
58%
Mena Massoud, Naomi ScottAladdin
53%
Sanniya Sidney, Jon BernrthalKing Richard
53%
Rosario Dawson, Woody HarrelsonSeven Pounds
47%
Angelina Jolie, Robert De NiroShark Tale
47%
Jaden Smith, Thandiwe NewtonThe Pursuit of Happiness
47%
Jamie Foxx, Jada Pinkett SmithAli
42%
Bridgette Moynahan, Alan TudykI, Robot
42%
Kevin Kline, Salma HayekWild Wild West
42%
Margot Robbie, BD WongFocus
37%
Mary Elizabeth Winstead, Benedict WongGemini Man
37%
Tom Holland, Reba McEntireSpies in Disguise
37%
Jaden Smith, Zoe KravitzAfter Earth
32%
Edward Norton, Kate WinsletCollateral Beauty
32%
Tommy Lee Jones, Rosario DawsonMen in Black II
32%
Matt Damon, Charlize TheronThe Legend of Bagger Vance
32%
Gugu Mbatha Raw, Alec BaldwinConcussion
26%
Charmaine Bingwa, Steven OggEmancipation
26%
Joel Edgerton, Noomi RapaceBright
21%
Whoopi Goldberg, Ted WilsonMade in America
21%

Score Distribution

Percentile by Number Answered

Percent of People with Each Score

Your Score History

You have not taken this quiz